Statistics for FIFA 22 Top 100 Players

Click here to take the quiz!

General Stats

  • This quiz has been taken 2,298 times
  • The average score is 67 of 100

Answer Stats

RatingTeamPlayer% Correct
93PSGMessi
100%
91Man UnitedRonaldo
99%
92Bayern MünchenLewandowski
98%
91PSGMbappe
98%
91PSGNeymar
98%
90TottenhamKane
97%
91Man CityDe Bruyne
96%
89LiverpoolSalah
95%
89LiverpoolMane
93%
89TottenhamSon
93%
90ChelseaKante
92%
90Bayern MünchenNeuer
92%
91Atlético MadridOblak
92%
89Liverpoolvan Dijk
91%
89LiverpoolAlisson
90%
89Real MadridBenzema
90%
90Barcelonater Stegen
90%
88DortmundHaaland
89%
89PSGDonnarumma
87%
89Bayern MünchenKimmich
87%
88Real MadridKroos
86%
87Real MadridModric
86%
89Real MadridCourtois
85%
89Man CityEderson
85%
88ChelseaLukaku
84%
88Atlético MadridSuarez
83%
88PSGRamos
82%
89Real MadridCasemiro
81%
87Bayern MünchenMuller
79%
87PSGVerratti
78%
86Man CityBernardo Silva
76%
85Real SociedadDavid Silva
76%
88Man CitySterling
76%
85PSGThiago Silva
76%
88Man UnitedFernandes
75%
87PSGMarquinhos
75%
87LiverpoolRobertson
75%
88PSGNavas
74%
86LeicesterVardy
74%
87Man CityDias
72%
87TottenhamLloris
71%
87Man UnitedPogba
71%
87LazioImmobile
69%
87Man UnitedSancho
69%
87Barcelonade Jong
68%
87PSGDi Maria
68%
87JuventusDybala
68%
85DortmundReus
68%
87LiverpoolAlexander-Arnold
67%
85Atlético MadridGriezmann
67%
87Bayern MünchenGoretzka
66%
86NapoliInsigne
64%
86Man CityMahrez
64%
85Man UnitedRashford
64%
86Man UnitedVarane
64%
86BarcelonaBusquets
63%
86LiverpoolFabinho
63%
85LiverpoolFirmino
63%
86LiverpoolThiago
63%
86Man CityCancelo
62%
85PSGHakimi
62%
85ArsenalAubameyang
61%
86Man CityRodri
60%
85Man CityWalker
60%
86JuventusChiellini
59%
86DortmundHummels
59%
85InterMartinez
59%
86BarcelonaAlba
58%
85Bayern MünchenGnabry
58%
85JuventusBonucci
57%
87BarcelonaAguero
56%
86Man CityLaporte
56%
84Real MadridAlaba
54%
86NapoliKoulibaly
53%
86InterHandanovic
51%
85Real MadridHazard
51%
85ChelseaJorginho
51%
86Bayern MünchenComan
50%
85BarcelonaDepay
50%
86VillarealMoreno
50%
86VillarealParejo
49%
85Man CityGundogan
48%
85Real MadridCarvajal
47%
85
Borussia M'gladbach
Sommer
47%
85Atlético MadridKoke
46%
86InterSkriniar
46%
85Man UnitedCavani
45%
85Juventusde Ligt
45%
85LeicesterSchmeichel
45%
87JuventusSzczesny
43%
84Man UnitedShaw
42%
86WolfsburgCasteels
37%
84InterBarella
36%
86Atlético MadridLlorente
35%
85LeicesterNdidi
35%
85Real SociedadOyarzabal
35%
85LazioMilinkovic-Savic
34%
85Interde Vrij
33%
85SevillaGomez
33%
85LeipzigGulacsi
33%

Score Distribution

Percentile by Number Answered

Percent of People with Each Score

Your Score History

You have not taken this quiz